Vplyv pandémie ochorenia Covid-19 na medzinárodný obchod, podnikanie a operačné riziko vo firmách habilitačná práca

Salvato in:
Dettagli Bibliografici
Autore principale: Steinhauser, Dušan, 1988-
Ente Autore: Obchodná fakulta EU. Katedra medzinárodného obchodu
Natura: Libro
Lingua:slovacco
Pubblicazione: Bratislava 2021
Tags: Aggiungi Tag
Nessun Tag, puoi essere il primo ad aggiungerne!!

MARC

LEADER 00000nbm a2200000 4500
001 0279123
005 20220325094832.3
041 0 |a slo 
044 |a SK 
245 1 0 |a Vplyv pandémie ochorenia Covid-19 na medzinárodný obchod, podnikanie a operačné riziko vo firmách  |b habilitačná práca  |c Dušan Steinhauser ; školiteľ: Saleh Mothana Obadi 
264 1 |a Bratislava  |c 2021 
300 |a 90 s. 
100 1 |a Steinhauser, Dušan, 1988- 
710 2 |a Obchodná fakulta EU. Katedra medzinárodného obchodu